000 00791nam a2200253 i 4500
001 103022
003 ES-MaACL
005 20230906183241.0
007 t|
008 051227s1932 sp ||||1| spa d
080 _a159.922.4(44)
080 _a159.922.4(42)
080 _a159.922.4(46)
100 1 _aMadariaga, Salvador de,
_d1886-1978
_975292
245 1 0 _aIngleses, franceses, españoles
_b: ensayo de psicología colectiva comparada /
_cpor Salvador de Madariaga.
250 _a3ª ed.
260 _aMadrid :
_bEspasa-Calpe,
_c1932.
300 _a313 p. ;
_c19 cm.
650 1 4 _aBritánicos-
_xPsicología.
_910620
650 1 4 _aFranceses-
_xPsicología.
_912979
650 0 4 _aEspañoles-
_xPsicología.
_912477
852 _aES-MaACL
_jG-12813
999 _c103022
_d103022